| 000 | 00446nam a22001337a 4500 | ||
|---|---|---|---|
| 008 | 230405b |||||||| |||| 00| 0 eng d | ||
| 040 |
_aNational Science Library _cNational Science Library |
||
| 080 |
_a061.238:38(541.2)BC _bK2 |
||
| 245 |
_aSouvenir _c/ Bengal national chamber of commerce & Industry |
||
| 260 |
_aCalcutta: _bBengal national chamber of commerce & Industry, _c1962 |
||
| 300 | _a496p. | ||
| 653 | _aChamber | ||
| 942 |
_2udc _cBK |
||
| 999 |
_c18429 _d18429 |
||